[Event "SK Königsspringer Iserlohn 1 - SK Werth"]
[Site "NRW-Klasse, Gruppe 1 2015/201"]
[Date "2016.04.03"]
[Round "8.2"]
[White "Kramps, Rene"]
[Black "Freiberger, Jonas"]
[Result "1/2-1/2"]
[WhiteElo "2039"]
[BlackElo "2155"]
[PlyCount "67"]
[EventDate "2016.??.??"]
[WhiteTeam "SK Königsspringer Iserlohn 1"]
[BlackTeam "SK Werther 1"]

1. e4 e5 2. Bc4 Nc6 3. Nc3 Bc5 4. Nf3 d6 5. Na4 a6 6. Nxc5 dxc5 7. a4 Qf6 8. c3
Bg4 9. h3 Bxf3 10. Qxf3 Qxf3 11. gxf3 Nge7 12. d3 Na5 13. f4 Nxc4 14. dxc4 Nc6
15. b3 O-O-O 16. Ke2 Rhe8 17. f5 g6 18. Bg5 Rd6 19. fxg6 hxg6 20. Rad1 Na5 21.
Rxd6 cxd6 22. Rb1 Rh8 23. h4 Kd7 24. Kd3 Rc8 25. f3 Nc6 26. Be3 Rh8 27. b4 Kc7
28. b5 Nb8 29. Bf2 Nd7 30. a5 Nf6 31. bxa6 bxa6 32. Rb6 Nd7 33. Rxa6 Rb8 34.
Be3 1/2-1/2

[Event "SK Königsspringer Iserlohn 1 - SK Werth"]
[Site "NRW-Klasse, Gruppe 1 2015/201"]
[Date "2016.04.03"]
[Round "8.3"]
[White "Haskenhoff, Jan"]
[Black "Franke, Thomas"]
[Result "0-1"]
[WhiteElo "2048"]
[BlackElo "2074"]
[PlyCount "134"]
[EventDate "2016.??.??"]
[WhiteTeam "SK Werther 1"]
[BlackTeam "SK Königsspringer Iserlohn 1"]

1. e4 e6 2. d4 d5 3. Nc3 Bb4 4. exd5 exd5 5. Bd3 Nc6 6. a3 Bxc3+ 7. bxc3 Nge7
8. Qf3 Be6 9. Ne2 Qd7 10. O-O O-O-O 11. h3 Bf5 12. Ng3 Bxd3 13. cxd3 f6 14. Ra2
Rdf8 15. Re2 g6 16. Rfe1 Rf7 17. Re6 Rhf8 18. Bh6 Ne5 19. dxe5 Qxe6 20. Bxf8
Rxf8 21. Qe3 Qxe5 22. Qxe5 fxe5 23. Rxe5 Kd7 24. d4 Rf6 25. Ne2 Ra6 26. Nf4 c6
27. Ne6 Rxa3 28. Nc5+ Ke8 29. Nxb7 Rxc3 30. Nc5 Rc1+ 31. Kh2 Rd1 32. Ne6 Rd2
33. Kg3 a5 34. Kf3 a4 35. g4 a3 36. Re1 a2 37. Ke3 Rb2 38. Ra1 Nc8 39. Nc5 Nb6
40. f4 Nc4+ 41. Kd3 Rh2 42. Kc3 Rxh3+ 43. Kb4 Ra3 44. g5 Kf7 45. Na4 Ke6 46.
Nc3 Kf5 47. Nxa2 Kxf4 48. Kc5 Ne3 49. Kxc6 Nc2 50. Rf1+ Kxg5 51. Nc1 Nxd4+ 52.
Kxd5 Nf5 53. Rg1+ Rg3 54. Rh1 h5 55. Ne2 Rd3+ 56. Kc5 h4 57. Rg1+ Ng3 58. Kc4
Re3 59. Nc3 Kg4 60. Nd5 Re6 61. Kd4 Kf3 62. Ra1 Ne2+ 63. Kc4 Re4+ 64. Kc5 Kg2
65. Ra6 h3 66. Rxg6+ Ng3 67. Nf6 Re6 0-1

[Event "SK Königsspringer Iserlohn 1 - SK Werth"]
[Site "NRW-Klasse, Gruppe 1 2015/201"]
[Date "2016.04.03"]
[Round "8.4"]
[White "Messarius, Juergen"]
[Black "Goecke, Karl Ulrich"]
[Result "1-0"]
[WhiteElo "2172"]
[BlackElo "2079"]
[PlyCount "63"]
[EventDate "2016.??.??"]
[WhiteTeam "SK Königsspringer Iserlohn 1"]
[BlackTeam "SK Werther 1"]

1. e4 e6 2. d4 d5 3. Nc3 Bb4 4. e5 c5 5. a3 Bxc3+ 6. bxc3 Qa5 7. Bd2 Qa4 8. Qb1
c4 9. h4 Nc6 10. h5 h6 11. Nh3 Bd7 12. Be2 O-O-O 13. O-O f6 14. exf6 Nxf6 15.
f4 Ne4 16. Be1 Rhg8 17. Bf3 Nd6 18. Qd1 g6 19. Kh2 gxh5 20. Qe2 Rg7 21. Bxh5
Rdg8 22. Bf3 Nd8 23. g4 Ne4 24. Rg1 Qa5 25. Bxe4 dxe4 26. Qxc4+ Bc6 27. Qe2 e3
28. c4 Qc7 29. Rd1 Qf7 30. Rd3 e5 31. dxe5 Qxc4 32. Rxd8+ 1-0

[Event "SK Königsspringer Iserlohn 1 - SK Werth"]
[Site "NRW-Klasse, Gruppe 1 2015/201"]
[Date "2016.04.03"]
[Round "8.5"]
[White "Ortpaul, Mario"]
[Black "Klauke, Stefan"]
[Result "1/2-1/2"]
[WhiteElo "1964"]
[BlackElo "2099"]
[PlyCount "77"]
[EventDate "2016.??.??"]
[WhiteTeam "SK Werther 1"]
[BlackTeam "SK Königsspringer Iserlohn 1"]

1. c4 Nf6 2. Nc3 e5 3. g3 c6 4. d4 exd4 5. Qxd4 d5 6. Bg2 Be6 7. Bg5 Be7 8.
cxd5 cxd5 9. Nf3 Nc6 10. Qa4 O-O 11. O-O Qb6 12. Qb5 d4 13. Qxb6 axb6 14. Nb5
Ra5 15. a4 Rd8 16. Bd2 Raa8 17. Nc7 Rac8 18. Nxe6 fxe6 19. Ng5 e5 20. Bh3 Ra8
21. Be6+ Kf8 22. Bf5 Rd6 23. Rfc1 h6 24. Ne6+ Kf7 25. Nc7 Rf8 26. b4 Ne8 27.
Nb5 Rf6 28. Be4 Kg8 29. f3 Bxb4 30. Bxb4 Nxb4 31. Bxb7 Nd6 32. Nxd6 Rxd6 33.
Rc4 Nd5 34. Bxd5+ Rxd5 35. Rb4 Rf6 36. Rab1 d3 37. exd3 Rxd3 38. Re4 Rfxf3 39.
Rxe5 1/2-1/2

[Event "SK Königsspringer Iserlohn 1 - SK Werth"]
[Site "NRW-Klasse, Gruppe 1 2015/201"]
[Date "2016.04.03"]
[Round "8.7"]
[White "Henkemeier, Michael"]
[Black "Franz, Christian"]
[Result "0-1"]
[WhiteElo "1815"]
[BlackElo "2000"]
[PlyCount "132"]
[EventDate "2016.??.??"]
[WhiteTeam "SK Werther 1"]
[BlackTeam "SK Königsspringer Iserlohn 1"]

1. d4 Nf6 2. Nf3 g6 3. c4 Bg7 4. Nc3 d6 5. e4 O-O 6. Be2 e5 7. dxe5 dxe5 8. Be3
Nbd7 9. O-O c6 10. Qc2 Qc7 11. Rad1 Re8 12. c5 Nf8 13. b4 Bg4 14. Nd2 Bxe2 15.
Nxe2 Ne6 16. f3 Red8 17. Nc4 Ne8 18. a4 Qe7 19. Na5 Qc7 20. Rxd8 Rxd8 21. Rd1
Bf8 22. Nc4 f6 23. Rd2 Kg7 24. Qd1 Be7 25. Nc3 a6 26. Rxd8 Nxd8 27. Qd2 Nf7 28.
Bf2 Qc8 29. Nb6 Qd8 30. Qxd8 Bxd8 31. Nc4 Be7 32. Na5 Nd8 33. Kf1 Kf7 34. Ke2
Ke6 35. Kd3 f5 36. Kc4 Bg5 37. h4 Be7 38. h5 Ng7 39. hxg6 hxg6 40. g4 fxg4 41.
fxg4 Ne8 42. b5 axb5+ 43. axb5 Nf6 44. g5 Ng4 45. Bg1 Bxg5 46. Nd5 Bd2 47. Nxb7
cxb5+ 48. Kxb5 Nxb7 49. Kc6 Nd8+ 50. Kc7 Ba5+ 51. Nb6 Ke7 52. Kc8 Nc6 53. Nd5+
Ke6 54. Kb7 Nd8+ 55. Kc8 Nf6 56. Nxf6 Kxf6 57. Kd7 Ne6 58. c6 Bc7 59. Bf2 g5
60. Be1 Kf7 61. Bg3 g4 62. Bh4 Bb8 63. Kc8 Bc7 64. Kd7 Ba5 65. Bg3 Nc5+ 66. Kc8
Ke6 0-1

[Event "SK Königsspringer Iserlohn 1 - SK Werth"]
[Site "NRW-Klasse, Gruppe 1 2015/201"]
[Date "2016.04.03"]
[Round "8.8"]
[White "Lueck, Kai"]
[Black "Neumann, Marius"]
[Result "1-0"]
[WhiteElo "1917"]
[BlackElo "1789"]
[PlyCount "49"]
[EventDate "2016.??.??"]
[WhiteTeam "SK Königsspringer Iserlohn 1"]
[BlackTeam "SK Werther 1"]

1. d4 f5 2. Nf3 Nf6 3. g3 g6 4. Bg2 Bg7 5. O-O O-O 6. c4 d6 7. Nc3 Nc6 8. Bf4
Nh5 9. d5 Ne5 10. Qb3 Nxf4 11. gxf4 Nxf3+ 12. Bxf3 Kh8 13. Rfd1 Rb8 14. Nb5 e5
15. dxe6 Bxe6 16. Nd4 Bg8 17. Rac1 g5 18. Qa3 gxf4 19. Qxa7 Qg5+ 20. Kh1 Qh4
21. Nxf5 Rxf5 22. Qxb8 Rf6 23. Rg1 Qxf2 24. Bd5 Rf8 25. Qxf8 1-0

[Event "Kölner SK Dr. Lasker 1 - SV Kamen 1"]
[Site "NRW-Klasse, Gruppe 1 2015/201"]
[Date "2016.04.03"]
[Round "8.1"]
[White "Weidemann, Christian"]
[Black "Paris, Michael"]
[Result "1/2-1/2"]
[WhiteElo "2297"]
[BlackElo "2154"]
[PlyCount "50"]
[EventDate "2016.??.??"]
[WhiteTeam "SV Kamen 1"]
[BlackTeam "Kölner SK Dr. Lasker 1"]

1. e4 e5 2. Nf3 Nc6 3. Nc3 Nf6 4. Bb5 Bd6 5. O-O O-O 6. d3 a6 7. Bc4 Bc5 8. Nd5
h6 9. Be3 Ba7 10. Qd2 Kh7 11. Bxa7 Rxa7 12. d4 exd4 13. e5 Nxd5 14. Bxd5 Qe7
15. Bxc6 bxc6 16. Qxd4 c5 17. Qd3+ Kg8 18. Rad1 Rb7 19. b3 Rb6 20. Rfe1 Rg6 21.
Qe4 Qe6 22. h3 Qb6 23. Nh4 Re6 24. Nf5 Rfe8 25. Qg4 Rg6 1/2-1/2

[Event "Kölner SK Dr. Lasker 1 - SV Kamen 1"]
[Site "NRW-Klasse, Gruppe 1 2015/201"]
[Date "2016.04.03"]
[Round "8.2"]
[White "Lindam, Ingo"]
[Black "Luetke, Jens"]
[Result "1/2-1/2"]
[WhiteElo "2058"]
[BlackElo "2201"]
[PlyCount "54"]
[EventDate "2016.??.??"]
[WhiteTeam "Kölner SK Dr. Lasker 1"]
[BlackTeam "SV Kamen 1"]

1. d4 f5 2. e4 fxe4 3. Nc3 Nf6 4. Bg5 Nc6 5. d5 Ne5 6. Qe2 c6 7. O-O-O cxd5 8.
f4 Nf7 9. Bxf6 gxf6 10. Nxd5 e6 11. Qxe4 f5 12. Qe3 Bd6 13. Kb1 Kf8 14. Nc3 a6
15. Be2 Qc7 16. Nh3 h5 17. Rhf1 Bc5 18. Qd3 b5 19. Bf3 Rb8 20. Ng5 Rb6 21. g3
Rd6 22. Qe2 Rxd1+ 23. Rxd1 Nxg5 24. fxg5 h4 25. g4 fxg4 26. Bxg4 Kg7 27. Ne4
Be7 1/2-1/2

[Event "Kölner SK Dr. Lasker 1 - SV Kamen 1"]
[Site "NRW-Klasse, Gruppe 1 2015/201"]
[Date "2016.04.03"]
[Round "8.3"]
[White "Himmel, Hansjoerg"]
[Black "Kloss, Henning"]
[Result "1/2-1/2"]
[WhiteElo "2160"]
[BlackElo "2165"]
[PlyCount "113"]
[EventDate "2016.??.??"]
[WhiteTeam "SV Kamen 1"]
[BlackTeam "Kölner SK Dr. Lasker 1"]

1. e4 c5 2. Nf3 d6 3. Bb5+ Bd7 4. Bxd7+ Qxd7 5. O-O Nf6 6. Qe2 Nc6 7. c3 e6 8.
d4 cxd4 9. cxd4 d5 10. e5 Ne4 11. Be3 Be7 12. Ne1 f5 13. f3 Ng5 14. Nd3 Nf7 15.
Nc3 g5 16. f4 g4 17. Rfc1 Rc8 18. Qd1 Na5 19. Ne2 O-O 20. Nc5 Bxc5 21. dxc5 Qe8
22. Qe1 Nc4 23. Bd4 Nd8 24. a4 Nc6 25. b3 N4a5 26. Rab1 Nxd4 27. Nxd4 Nc6 28.
Nb5 Qh5 29. b4 Qh6 30. Qe3 a5 31. Nd6 axb4 32. Nxc8 Rxc8 33. g3 Ra8 34. Ra1 Ra5
35. Qb3 Qf8 36. Qc2 Qa8 37. Kg2 Qa6 38. h3 Nd4 39. Qb2 Nc6 40. hxg4 fxg4 41.
Qd2 Ne7 42. f5 exf5 43. c6 bxc6 44. Re1 Rxa4 45. Rxa4 Qxa4 46. e6 f4 47. Qxf4
Qc2+ 48. Kg1 Qc3 49. Rf1 Kh8 50. Kh2 Qg7 51. Qb8+ Ng8 52. Qxb4 Qh6+ 53. Kg1
Qe3+ 54. Kg2 d4 55. Rf4 Qe2+ 56. Kg1 Qe3+ 57. Kg2 1/2-1/2

[Event "Kölner SK Dr. Lasker 1 - SV Kamen 1"]
[Site "NRW-Klasse, Gruppe 1 2015/201"]
[Date "2016.04.03"]
[Round "8.4"]
[White "Nagel, Bernhard"]
[Black "Kleinegger, Frank"]
[Result "1/2-1/2"]
[WhiteElo "2224"]
[BlackElo "2131"]
[PlyCount "119"]
[EventDate "2016.??.??"]
[WhiteTeam "Kölner SK Dr. Lasker 1"]
[BlackTeam "SV Kamen 1"]

1. d4 Nf6 2. c4 g6 3. Nf3 Bg7 4. g3 c6 5. Bg2 d5 6. O-O O-O 7. cxd5 cxd5 8. Ne5
e6 9. Nc3 Nfd7 10. f4 f6 11. Nxd7 Bxd7 12. Be3 Nc6 13. Qd2 Rc8 14. Rac1 Be8 15.
h3 f5 16. Rfd1 Rf7 17. Bf2 Na5 18. b3 Rfc7 19. Nb1 Rxc1 20. Rxc1 b6 21. Rxc8
Qxc8 22. Qc3 Qxc3 23. Nxc3 Nb7 24. Nxd5 Nd6 25. Nc3 Nb5 26. Nxb5 Bxb5 27. e3
Bd3 28. Bf1 Bb1 29. a4 Bc2 30. Bc4 Kf7 31. Be1 Bf8 32. g4 fxg4 33. hxg4 h5 34.
gxh5 gxh5 35. Bh4 Bd6 36. Kf2 Be4 37. Ke2 Bc7 38. Bd3 Bg2 39. Kf2 Bd5 40. Bc2
Bc6 41. Bg5 b5 42. axb5 Bxb5 43. Be4 Ba5 44. Bh4 Bd2 45. f5 Bd7 46. fxe6+ Bxe6
47. d5 Bg4 48. Bf3 Be1+ 49. Kxe1 Bxf3 50. d6 Ke6 51. Bg3 h4 52. Bh2 Bc6 53. Kd2
a5 54. Kc3 a4 55. bxa4 Bxa4 56. Kb4 Be8 57. Kc5 h3 58. Kb6 Bd7 59. Kc7 Ba4 60.
Kb6 1/2-1/2

[Event "Kölner SK Dr. Lasker 1 - SV Kamen 1"]
[Site "NRW-Klasse, Gruppe 1 2015/201"]
[Date "2016.04.03"]
[Round "8.5"]
[White "Kilian, Ralf"]
[Black "Fox, Daniel"]
[Result "1/2-1/2"]
[WhiteElo "2121"]
[BlackElo "2089"]
[PlyCount "62"]
[EventDate "2016.??.??"]
[WhiteTeam "SV Kamen 1"]
[BlackTeam "Kölner SK Dr. Lasker 1"]

1. d4 d5 2. c4 e6 3. Nc3 Nf6 4. Bg5 Bb4 5. e3 c6 6. Rc1 O-O 7. a3 Bd6 8. Nf3
Nbd7 9. Bd3 h6 10. Bh4 dxc4 11. Bxc4 Qa5 12. O-O b5 13. Bd3 b4 14. axb4 Qxb4
15. Na4 Bb7 16. Nc5 Bxc5 17. dxc5 a5 18. Qc2 Ba6 19. Bxa6 Rxa6 20. Bg3 Ne4 21.
Bd6 Nxd6 22. Rfd1 Nxc5 23. Qxc5 Qxc5 24. Rxc5 Nb7 25. Rc2 Rd8 26. Rdc1 c5 27.
Kf1 a4 28. Nd2 f6 29. Ne4 Rb6 30. Ra1 Rb4 31. Nc3 Ra8 1/2-1/2

[Event "Kölner SK Dr. Lasker 1 - SV Kamen 1"]
[Site "NRW-Klasse, Gruppe 1 2015/201"]
[Date "2016.04.03"]
[Round "8.6"]
[White "Cramer, Volker"]
[Black "Georg, Heinz"]
[Result "0-1"]
[WhiteElo "2065"]
[BlackElo "2155"]
[PlyCount "74"]
[EventDate "2016.??.??"]
[WhiteTeam "Kölner SK Dr. Lasker 1"]
[BlackTeam "SV Kamen 1"]

1. d4 f5 2. Bg5 h6 3. Bh4 g5 4. e3 Nf6 5. Bg3 Bg7 6. Bd3 d6 7. h4 g4 8. c3 Nc6
9. Qc2 e6 10. Nd2 Nh5 11. Ne2 Qf6 12. O-O-O e5 13. f3 gxf3 14. gxf3 Bd7 15. d5
Ne7 16. e4 f4 17. Bf2 O-O 18. Rhg1 Kh8 19. Qb3 Rfb8 20. c4 c5 21. Kb1 b6 22.
Nc3 a6 23. a4 Ng6 24. Rh1 Qe7 25. Rdg1 Kh7 26. Rh2 Bf6 27. Qd1 Rg8 28. Qe1 Rg7
29. Bf1 Rag8 30. Bh3 Bxh3 31. Rxh3 Nf8 32. Rxg7+ Rxg7 33. Qh1 Qe8 34. Nf1 Qg6
35. Ne2 Qg2 36. Qxg2 Rxg2 37. Be1 Rxe2 0-1

[Event "Kölner SK Dr. Lasker 1 - SV Kamen 1"]
[Site "NRW-Klasse, Gruppe 1 2015/201"]
[Date "2016.04.03"]
[Round "8.7"]
[White "Seepe, Udo"]
[Black "Loseries, Uwe"]
[Result "1-0"]
[WhiteElo "2042"]
[BlackElo "2144"]
[PlyCount "91"]
[EventDate "2016.??.??"]
[WhiteTeam "SV Kamen 1"]
[BlackTeam "Kölner SK Dr. Lasker 1"]

1. Nf3 Nf6 2. b3 g6 3. Bb2 Bg7 4. c4 O-O 5. e3 c5 6. Be2 Nc6 7. O-O b6 8. d4
cxd4 9. Nxd4 Nxd4 10. Bxd4 Bb7 11. Bf3 Qc7 12. Nc3 Rac8 13. Rc1 Qb8 14. Bxb7
Qxb7 15. Bxf6 Bxf6 16. Nd5 Rc6 17. Qf3 Qb8 18. Rfd1 Rd8 19. a4 Kg7 20. Qh3 e6
21. Nxf6 Kxf6 22. Qh6 Ke7 23. Qh4+ Kf8 24. Qxh7 Qe5 25. Rd4 Ke7 26. Rcd1 Rc7
27. Qh4+ Qf6 28. Qg3 Rc5 29. Qd6+ Ke8 30. f4 Qe7 31. e4 Qf6 32. g3 Rc6 33. Qxc6
dxc6 34. Rxd8+ Qxd8 35. Rxd8+ Kxd8 36. e5 Ke7 37. Kf2 c5 38. g4 a5 39. Kf3 Kf8
40. f5 g5 41. h4 gxh4 42. f6 Kg8 43. g5 Kh7 44. Kg4 Kg6 45. Kxh4 Kh7 46. Kh5
1-0

[Event "Kölner SK Dr. Lasker 1 - SV Kamen 1"]
[Site "NRW-Klasse, Gruppe 1 2015/201"]
[Date "2016.04.03"]
[Round "8.8"]
[White "Mandt, Mathias"]
[Black "Koch, Marcel"]
[Result "1-0"]
[WhiteElo "2085"]
[BlackElo "1881"]
[Annotator "Hausrath,Daniel"]
[PlyCount "103"]
[EventDate "2016.??.??"]
[WhiteTeam "Kölner SK Dr. Lasker 1"]
[BlackTeam "SV Kamen 1"]

1. d4 Nf6 2. c4 d5 3. cxd5 Nxd5 4. e4 Nf6 5. Nc3 g6 6. Bc4 Bg7 7. Nge2 O-O 8.
O-O c6 9. a3 e6 $11 10. Bg5 Qb6 11. Qd2 Nbd7 12. e5 Nd5 13. Rac1 a6 14. Ne4 Qa7
15. Rfd1 N7b6 16. Bb3 Nc7 17. Be7 Nbd5 18. Bxf8 Bxf8 19. N2c3 Ne7 20. Nf6+ Kh8
21. g4 b5 22. Nce4 Ncd5 23. Qg5 h6 24. Qh4 Nf4 25. Rd2 Bb7 26. Nc5 Rd8 27. g5
Nfd5 28. Nxd5 Nf5 29. Qh3 cxd5 30. Qd3 h5 31. Bd1 Be7 32. f4 Kg7 33. b4 Bc8 34.
Rdc2 Bd7 35. Rc3 Be8 36. Bc2 a5 37. Qd2 axb4 38. axb4 Qa2 39. Qf2 Bxc5 40. Rxc5
Ne7 41. Bd3 Qa3 42. Qd2 Ra8 43. Qc3 Qa2 44. Rc7 Nf5 45. Bxf5 gxf5 46. g6 Kxg6
47. Qg3+ Kh7 48. R7c2 Qa7 49. Rg2 f6 50. Qg8+ Kh6 51. Qh8+ Qh7 52. Qf8+ 1-0

[Event "Herforder SV Königsspringer 1 - SG Enne"]
[Site "NRW-Klasse, Gruppe 2 2015/201"]
[Date "2016.04.03"]
[Round "8.8"]
[White "Buddensiek, Uwe"]
[Black "Heller, Achim"]
[Result "0-1"]
[WhiteElo "2048"]
[BlackElo "1955"]
[PlyCount "58"]
[EventDate "2016.??.??"]
[WhiteTeam "Herforder SV Königsspringer 1"]
[BlackTeam "SG Ennepe-Ruhr-Süd 1"]

1. d4 d5 2. c4 c6 3. Nf3 Nf6 4. Nbd2 e6 5. g3 Nbd7 6. Bg2 Ne4 7. Nxe4 dxe4 8.
Ng5 Bb4+ 9. Kf1 Nb6 10. Nxe4 f5 11. Bg5 Be7 12. Bxe7 Qxe7 13. Nd2 e5 14. d5 c5
15. a4 O-O 16. a5 Nd7 17. a6 Qd6 18. axb7 Bxb7 19. e3 f4 20. exf4 exf4 21. Ne4
Qg6 22. Qb3 Rab8 23. Qc3 a6 24. gxf4 Rxf4 25. Rg1 Qh6 26. Ra3 Rbf8 27. Qh3
Rxf2+ 28. Nxf2 Qc1+ 29. Ke2 Qc2+ 0-1

[Event "SC Hansa Dortmund 2 - SG Niederkassel 1"]
[Site "NRW-Klasse, Gruppe 2 2015/201"]
[Date "2016.04.03"]
[Round "8.1"]
[White "Wigger, Jochen"]
[Black "Schmittdiel, Eckhard"]
[Result "0-1"]
[WhiteElo "2256"]
[BlackElo "2354"]
[PlyCount "88"]
[EventDate "2016.??.??"]
[WhiteTeam "SG Niederkassel 1"]
[BlackTeam "SC Hansa Dortmund 2"]

1. d4 d5 2. c4 e6 3. Nc3 f5 4. Bf4 c6 5. e3 Nf6 6. Bd3 Be7 7. Qc2 O-O 8. Nge2
Na6 9. a3 dxc4 10. Bxc4 b5 11. Bb3 b4 12. Na4 bxa3 13. bxa3 Qa5+ 14. Qc3 Qxc3+
15. Nexc3 Nd5 16. Nxd5 cxd5 17. Kd2 Bd7 18. Rhc1 Rac8 19. Nb2 Rxc1 20. Kxc1 g5
21. Be5 Nb8 22. Nd3 Nc6 23. Kb2 f4 24. exf4 gxf4 25. Rc1 Rf5 26. Ka2 Be8 27.
Bxf4 Nxd4 28. Bg3 Bb5 29. Rc8+ Rf8 30. Rxf8+ Kxf8 31. Ne1 Bf1 32. Bd1 Bc4+ 33.
Kb2 Bf6 34. Kb1 Nb5 35. Kc1 Nxa3 36. Bd6+ Be7 37. Bxe7+ Kxe7 38. Nf3 Kf6 39.
Nd2 Bb5 40. f4 Nc4 41. Bf3 Ne3 42. Nb3 e5 43. fxe5+ Kxe5 44. h4 Bf1 0-1

[Event "SC Hansa Dortmund 2 - SG Niederkassel 1"]
[Site "NRW-Klasse, Gruppe 2 2015/201"]
[Date "2016.04.03"]
[Round "8.2"]
[White "Kalka, Arkadius Georg"]
[Black "Bussard, Christian"]
[Result "1/2-1/2"]
[WhiteElo "2281"]
[BlackElo "2156"]
[PlyCount "119"]
[EventDate "2016.??.??"]
[WhiteTeam "SC Hansa Dortmund 2"]
[BlackTeam "SG Niederkassel 1"]

1. c4 e5 2. Nc3 Nf6 3. Nf3 Nc6 4. a3 Be7 5. d4 exd4 6. Nxd4 O-O 7. e4 Re8 8.
Be2 Bf8 9. f3 Bc5 10. Be3 Nxd4 11. Bxd4 Qe7 12. b4 Bxd4 13. Qxd4 d6 14. O-O a6
15. Rac1 Qe5 16. Qxe5 Rxe5 17. f4 Re7 18. Bf3 Bg4 19. Nd5 Nxd5 20. cxd5 Bxf3
21. Rxf3 Kf8 22. Rfc3 Rxe4 23. Rxc7 Rxf4 24. Rxb7 Rf5 25. Rf1 Rxf1+ 26. Kxf1
Ke8 27. Ke2 a5 28. b5 a4 29. Kd3 Rc8 30. Ra7 Rc5 31. b6 Rb5 32. b7 Kd8 33. Kd4
h5 34. b8=Q+ Rxb8 35. Rxf7 Rb3 36. Rxg7 Rxa3 37. Kc4 Rb3 38. Ra7 Rb2 39. Rxa4
Rxg2 40. h4 Kc7 41. Kd3 Rg3+ 42. Ke2 Rh3 43. Rc4+ Kd7 44. Rf4 Kc7 45. Kf2 Kb6
46. Kg2 Rd3 47. Rf5 Kc5 48. Rxh5 Rxd5 49. Rh8 Re5 50. h5 d5 51. Kf3 Kd4 52. Kf4
Re1 53. Rd8 Rh1 54. Kg5 Ke4 55. h6 d4 56. Kg6 d3 57. h7 Ke3 58. Re8+ Kf2 59.
h8=Q Rxh8 60. Rxh8 1/2-1/2

[Event "SC Hansa Dortmund 2 - SG Niederkassel 1"]
[Site "NRW-Klasse, Gruppe 2 2015/201"]
[Date "2016.04.03"]
[Round "8.3"]
[White "Schienmann, Bruno"]
[Black "Schroeder, Kevin"]
[Result "1-0"]
[WhiteElo "2233"]
[BlackElo "2288"]
[Annotator "Hausrath,Daniel"]
[PlyCount "48"]
[EventDate "2016.??.??"]
[WhiteTeam "SG Niederkassel 1"]
[BlackTeam "SC Hansa Dortmund 2"]

1. d4 Nf6 2. c4 e6 3. Nc3 Bb4 4. e3 c5 5. Nge2 b6 6. a3 Ba5 7. Rb1 Qe7 8. g3
Bb7 9. d5 Nxd5 10. cxd5 Bxd5 11. b4 Bxb4 12. axb4 Bxh1 13. bxc5 bxc5 14. f4 O-O
15. Kf2 Bc6 16. Ba3 Na6 17. Nd4 Nb4 18. Nxc6 Nxc6 19. Ne4 Nb4 20. Nxc5 a5 21.
Na6 Rfc8 22. Nxb4 axb4 23. Bxb4 Ra2+ 24. Kg1 Qd8 {Rest unleserlich!} 1-0

[Event "SC Hansa Dortmund 2 - SG Niederkassel 1"]
[Site "NRW-Klasse, Gruppe 2 2015/201"]
[Date "2016.04.03"]
[Round "8.4"]
[White "Kahleys, Kevin"]
[Black "Rybarczyk, Klaus"]
[Result "0-1"]
[WhiteElo "2210"]
[BlackElo "2165"]
[PlyCount "104"]
[EventDate "2016.??.??"]
[WhiteTeam "SC Hansa Dortmund 2"]
[BlackTeam "SG Niederkassel 1"]

1. d4 Nf6 2. Nf3 g6 3. g3 Bg7 4. Bg2 O-O 5. O-O d6 6. c4 a6 7. Nc3 Nc6 8. d5
Na5 9. Nd2 c5 10. Qc2 Rb8 11. a3 b5 12. cxb5 axb5 13. b4 cxb4 14. axb4 Nc4 15.
Nxc4 bxc4 16. Rb1 Ng4 17. h3 Ne5 18. Rd1 Bf5 19. Ne4 Qc8 20. f4 Nd7 21. g4 Bxe4
22. Bxe4 c3 23. Be3 Qc4 24. Bd3 Qc7 25. Rb3 Nb6 26. Be4 Nc4 27. Bd4 Bxd4+ 28.
Rxd4 Qb6 29. e3 Nxe3 30. Qxc3 Nxd5 31. Bxd5 e5 32. Kg2 exd4 33. Qd3 Rbe8 34.
Be4 Re7 35. Bd5 Rfe8 36. Qc4 Rc7 37. Qf1 Rc2+ 38. Kg3 Rc3+ 39. Kh4 Rxb3 40.
Bxb3 Qxb4 41. Qf3 Qe1+ 42. Qg3 Qxg3+ 43. Kxg3 Re3+ 44. Kh4 Rxb3 45. f5 gxf5 46.
g5 d3 47. Kh5 d2 48. h4 d1=Q+ 49. Kh6 Rh3 50. g6 Rxh4+ 51. Kg5 Qh5+ 52. Kf6
Qxg6+ 0-1

[Event "SC Hansa Dortmund 2 - SG Niederkassel 1"]
[Site "NRW-Klasse, Gruppe 2 2015/201"]
[Date "2016.04.03"]
[Round "8.5"]
[White "Stanetzek, Carsten"]
[Black "Sundorf, Jannik"]
[Result "1/2-1/2"]
[WhiteElo "2164"]
[BlackElo "2099"]
[PlyCount "94"]
[EventDate "2016.??.??"]
[WhiteTeam "SG Niederkassel 1"]
[BlackTeam "SC Hansa Dortmund 2"]

1. e4 c5 2. Nf3 g6 3. c3 Bg7 4. d4 cxd4 5. cxd4 d5 6. e5 Nc6 7. Bb5 Bg4 8.
Bxc6+ bxc6 9. O-O e6 10. Nbd2 Ne7 11. Nb3 Qb6 12. h3 Bxf3 13. Qxf3 a5 14. Bg5
Nf5 15. Qc3 h6 16. Bd2 O-O 17. Rac1 a4 18. Nc5 Rfb8 19. Rc2 Qd8 20. g4 Ne7 21.
f4 Ra7 22. Qd3 Qc8 23. a3 Kh7 24. Bb4 Bf8 25. Rcf2 Bg7 26. Qc2 Rba8 27. h4 f5
28. h5 gxh5 29. gxh5 Qe8 30. Nxe6 Qxh5 31. Nxg7 Rg8 32. Rg2 Rxg7 33. Rxg7+ Kxg7
34. Bxe7 Qg4+ 35. Qg2 Qxg2+ 36. Kxg2 Rxe7 37. Rc1 Rb7 38. Rxc6 Rxb2+ 39. Kg3
Rb3+ 40. Kh4 Rf3 41. Ra6 Rxa3 42. Ra5 Ra1 43. Ra7+ Kg6 44. Ra6+ Kf7 45. Ra7+
Kg6 46. Ra6+ Kf7 47. Ra7+ Kg6 1/2-1/2

[Event "SC Hansa Dortmund 2 - SG Niederkassel 1"]
[Site "NRW-Klasse, Gruppe 2 2015/201"]
[Date "2016.04.03"]
[Round "8.6"]
[White "Prueske, Wolfgang"]
[Black "Broehl, Stephan"]
[Result "1/2-1/2"]
[WhiteElo "2035"]
[BlackElo "2084"]
[PlyCount "79"]
[EventDate "2016.??.??"]
[WhiteTeam "SC Hansa Dortmund 2"]
[BlackTeam "SG Niederkassel 1"]

1. e4 c6 2. d4 d5 3. Nc3 dxe4 4. Nxe4 Bf5 5. Ng3 Bg6 6. h4 h6 7. Nf3 Nd7 8. h5
Bh7 9. Bd3 Ngf6 10. Bxh7 Nxh7 11. Qe2 e6 12. Bd2 Be7 13. O-O-O O-O 14. Ne4 Ndf6
15. g4 Nxe4 16. Qxe4 Qd5 17. Qxd5 cxd5 18. Ne5 Bd6 19. f4 Nf6 20. g5 Ne4 21.
Be3 Ng3 22. Rh3 Nf5 23. Bf2 Bxe5 24. dxe5 Rfc8 25. b3 b5 26. a3 a5 27. Kb2 Rc6
28. Rc3 Rxc3 29. Kxc3 Rc8+ 30. Kd3 Rc6 31. Rc1 Kf8 32. Be1 a4 33. bxa4 bxa4 34.
Rb1 Rc8 35. Rb4 Ra8 36. Bf2 Ke8 37. Rb7 Rc8 38. Rb4 Ra8 39. Rb7 Rc8 40. Rb4
1/2-1/2

[Event "SC Hansa Dortmund 2 - SG Niederkassel 1"]
[Site "NRW-Klasse, Gruppe 2 2015/201"]
[Date "2016.04.03"]
[Round "8.7"]
[White "Riedel, Holger"]
[Black "Burchert, Wolfgang"]
[Result "0-1"]
[WhiteElo "2145"]
[BlackElo "2019"]
[Annotator "Hausrath,Daniel"]
[PlyCount "130"]
[EventDate "2016.??.??"]
[WhiteTeam "SG Niederkassel 1"]
[BlackTeam "SC Hansa Dortmund 2"]

1. d4 Nf6 2. Bg5 e6 3. c3 h6 4. Bh4 d5 5. e3 Be7 6. f4 O-O 7. Nf3 c5 8. Bd3 b6
9. Qe2 Bb7 10. O-O Nbd7 11. Nbd2 Ne4 12. Bxe7 Qxe7 13. Ne5 Nxd2 14. Qxd2 Nxe5
15. fxe5 f5 16. exf6 Rxf6 17. Rxf6 Qxf6 18. Rf1 Qe7 19. Qf2 Bc6 20. Qf4 Rd8 21.
Rf3 Be8 22. Rg3 Kh8 23. Qe5 Qf6 24. Rf3 Qe7 25. Bf5 Bf7 26. Bg4 Kg8 27. Rg3 Qd6
28. Qxd6 Rxd6 29. Kf2 Kf8 30. h4 Ke7 31. Be2 Kf6 32. Rf3+ Ke7 33. Bd3 Bh5 34.
Rg3 Kf6 35. Be2 Bxe2 36. Kxe2 Rd7 37. Rf3+ Ke7 38. Kd3 c4+ 39. Ke2 Kd6 40. Rf8
e5 41. dxe5+ Kxe5 42. Kf3 Re7 43. g4 Kd6 44. Rd8+ Kc6 45. Rg8 b5 $11 46. Kf4 a5
47. Kf5 b4 48. Kg6 bxc3 49. bxc3 Rxe3 50. Rxg7 Rxc3 51. Kxh6 d4 52. Rg8 Rg3 53.
g5 d3 54. Rd8 Kc5 55. g6 c3 56. h5 c2 57. Rc8+ Kd4 58. g7 d2 59. Kh7 c1=Q 60.
Rd8+ Ke5 61. h6 d1=Q 62. Rxd1 Qxd1 63. Kh8 Qd8+ 64. Kh7 Qd3+ 65. Kh8 Qg6 0-1